ALL Charlie Puth Songs as of April 2026 - Statistics

General Stats
  • This quiz has been taken 14 times
  • The average score is 38 of 79
Answer Stats
Album Track # Answer % Correct
CHARLIE 3 Light Switch
100%
Voicenotes 2 Attention
89%
Nine Track Mind 3 Marvin Gaye (feat. Meghan Trainor)
89%
CHARLIE 6 Left and Right (Feat. Jung Kook of BTS)
78%
Nine Track Mind 1 One Call Away
78%
Voicenotes 10 Change (feat. James Taylor)
67%
Whatever's Clever 1 Changes
67%
Nine Track Mind 2 Dangerously
67%
Voicenotes 4 How Long
67%
Voicenotes 3 LA Girls
67%
Collaborations/Features - See You Again (with Wiz Khalifa)
67%
Nine Track Mind 5 We Don't Talk Anymore (feat. Selena Gomez)
67%
Whatever's Clever 2 Beat Yourself Up
56%
Voicenotes 8 BOY
56%
CHARLIE 2 Charlie Be Quiet!
56%
Whatever's Clever 3 Cry (feat. Kenny G)
56%
Voicenotes 5 Done For Me (feat. Kehlani)
56%
Voicenotes 12 Empty Cups
56%
Singles/Other - Girlfriend
56%
Singles/Other - Lipstick
56%
Nine Track Mind (Deluxe) 13 River
56%
CHARLIE 10 Tears On My Piano
56%
CHARLIE 1 That's Hilarious
56%
Collaborations/Features - That's Not How This Works (feat. Dan + Shay)
56%
Collaborations/Features - That's Not How This Works (feat. Dan + Shay & Sabrina Carpenter)
56%
CHARLIE 4 There's A First Time For Everything
56%
Collaborations/Features - After All (with Elton John)
44%
Collaborations/Features - Angel Pt. 2 (with Jimin of BTS, JVKE, and Muni Long)
44%
Nine Track Mind 11 As You Are (feat. Shy Carter)
44%
Singles/Other - Cheating on You
44%
Singles/Other - December 25th
44%
Nine Track Mind (Deluxe) 14 Does It Feel
44%
Whatever's Clever 6 Don't Meet Your Heroes
44%
Singles/Other - Free
44%
Collaborations/Features - Hard On Yourself (with blackbear)
44%
Singles/Other - Hero
44%
Whatever's Clever 8 Hey Brother
44%
Whatever's Clever 7 Home (feat. Hikaru Utada)
44%
CHARLIE 11 I Don't Think That I Like Her
44%
Voicenotes 7 If You Leave Me Now (feat. Boyz II Men)
44%
Whatever's Clever 12 I Used To Be Cringe
44%
Singles/Other - I Warned Myself
44%
Nine Track Mind 8 Left Right Left
44%
Collaborations/Features - Lose My Breath (with Stray Kids)
44%
CHARLIE 7 Loser
44%
Whatever's Clever 10 Love In Exile (feat. Michael McDonald & Kenny Loggins)
44%
CHARLIE 9 Marks On My Neck
44%
Nine Track Mind 6 My Gospel
44%
Whatever's Clever 5 New Jersey (feat. Ravyn Lenae)
44%
CHARLIE 12 No More Drama
44%
Nine Track Mind (Deluxe) 15 Nothing But Trouble - Instagram Models
44%
Voicenotes 6 Patient
44%
Whatever's Clever (Expanded) 13 Reply To This
44%
Whatever's Clever 9 Sideways (feat. Coco Jones)
44%
Voicenotes 9 Slow It Down
44%
CHARLIE 5 Smells Like Me
44%
Voicenotes 11 Somebody Told Me
44%
Nine Track Mind 12 Some Type of Love
44%
Nine Track Mind 10 Suffer
44%
Collaborations/Features - Summer Feelings (with Lennon Stella)
44%
Nine Track Mind 9 Then There's You
44%
Voicenotes 1 The Way I Am
44%
Voicenotes 13 Through It All
44%
Whatever's Clever 11 Until It Happens To You (feat. Jeff Goldblum & The Mildred Snitzer Orchestra)
44%
Nine Track Mind 7 Up All Night
44%
Whatever's Clever 4 Washed Up
44%
Collaborations/Features - Easier (with 5 Seconds of Summer)
33%
Collaborations/Features - I Hope (with Gabby Barrett)
33%
Collaborations/Features - Is It Just Me? (with Sasha Alex Sloan)
33%
Nine Track Mind 4 Losing My Mind
33%
Singles/Other - Mother
33%
Collaborations/Features - Obsessed (with Calvin Harris & Shenseea)
33%
Collaborations/Features - Oops (with Little Mix)
33%
Collaborations/Features - Upside Down (with JVKE)
33%
CHARLIE 8 When You're Sad I'm Sad
33%
Singles/Other - I Won't Tell a Soul
22%
Collaborations/Features - Sober (with G-Eazy)
22%
Singles/Other - The Star Spangled Banner (Live)
22%
Singles/Other - I Don't Wanna Know - Live from Spotify Studios NYC
11%
No matching quizzes found
Score Distribution
Percent of People with Each Score
Percentile by Number Answered
Your Score History
You have not taken this quiz